Polscy skoczkowie narciarscy z punktami PŚ w sezonie 2025/26 - Statystyki

Ogólne statystyki
  • Ten quiz został rozwiązany 51 razy
  • Średni wynik to 7 z 8
Statystyki odpowiedzi
Miejsce w PŚ Skoczek narciarski Liczba punktów % Poprawnych
44. Dawid Kubacki 54
100%
31. Kamil Stoch 186
100%
33. Piotr Żyła 162
100%
23. Kacper Tomasiak 391
98%
64. Aleksander Zniszczoł 7
91%
39. Maciej Kot 87
91%
43. Paweł Wąsek 64
91%
72. Klemens Joniak 2
77%
Nie znaleziono quizów pasujących do podanych kryteriów
Rozkład punktacji
Procent ludzi z każdym wynikiem
Percentyl według liczby udzielonych odpowiedzi
Twoja historia wyników
Nie rozwiązałeś tego quizu